000 00546cam a2200217 4500
001 B1701
008 090401t1988 xxu||||| |||| 00| 0 eng d
035 _a(Sirsi) u45861
041 _aeng
050 _a690.12
110 _aHilti Contract Services
_92404
245 _aWall tie failure: a national problem
260 _aManchester
_bHilti Contract Services
_c1988
300 _a28 leaves : ill. ; 30cm.
350 _a0
650 _aCAVITY WALL TIES
650 _aCORROSION
650 _aWALL TIES
942 _n0
948 _c04/03/1997
999 _c91837
_d91837